[Event "Bois Colombes op"]
[Site "Bois Colombes"]
[Date "2014.06.11"]
[Round "?"]
[White "Baudon, Sebastien"]
[Black "Flom, Gabriel"]
[Result "0-1"]
[WhiteElo "1994"]
[BlackElo "2430"]
[PlyCount "74"]
[EventDate "2013.06.11"]
[EventType "swiss"]
[EventRounds "6"]
[EventCountry "FRA"]
[SourceTitle "EXT 2015"]
[Source "ChessBase"]
[SourceDate "2014.11.20"]
[SourceVersion "1"]
[SourceVersionDate "2014.11.20"]
[SourceQuality "1"]

1. c4 Nf6 2. Nc3 e5 3. e4 Nc6 4. d3 a6 5. Be3 d6 6. g3 g6 7. Bh3 Bg7 8. f4 exf4 9. gxf4 Nh5 10. Bxc8 Rxc8 11. Nf3 0-0 12. Qd2 Qd7 13. 0-0-0 b5 14. cxb5 axb5 15. Nxb5 Rb8 16. Nc3 Ra8 17. d4 Rfb8 18. Rdf1 d5 19. e5 Nb4 20. a3 Nc6 21. Qc2 Bh6 22. Nd2 Ne7 23. Nb3 Nf5 24. Nc5 Qc6 25. Qd2 Bf8 26. Qf2 Bxc5 27. dxc5 Qb7 28. Nd1 Qb3 29. Re1 d4 30. Bxd4 Ra4 31. Bc3 Rxa3 32. Re4 Ra1+ 33. Kd2 Qd5+ 34. Rd4 Qxh1 35. Kc2 Nxd4+ 36. Qxd4 Nxf4 37. e6 Qxd1+ 0-1

[Event "Paris-ch op-B 87th"]
[Site "Paris"]
[Date "2012.07.11"]
[Round "5"]
[White "Rakem, Zine Eddine"]
[Black "Baudon, Sebastien"]
[Result "1-0"]
[WhiteElo "2139"]
[BlackElo "1993"]
[PlyCount "91"]
[EventDate "2012.07.07"]
[EventType "swiss"]
[EventRounds "9"]
[EventCountry "FRA"]
[SourceTitle "EXT 2013"]
[Source "ChessBase"]
[SourceDate "2012.11.22"]
[SourceVersion "1"]
[SourceVersionDate "2012.11.22"]
[SourceQuality "1"]

1. e4 c5 2. d3 g6 3. Nf3 Bg7 4. g3 Nc6 5. Bg2 e6 6. 0-0 Nge7 7. c3 d5 8. Qe2 0-0 9. Re1 h6 10. e5 Nf5 11. h4 b6 12. Bf4 Ba6 13. Nbd2 Rc8 14. Nf1 c4 15. d4 b5 16. a3 Rb8 17. Bh3 Nfe7 18. Ne3 Kh7 19. Kg2 Ng8 20. Rh1 Bc8 21. Qc2 Kh8 22. Ng4 Rb7 23. Qd2 Kh7 24. h5 gxh5 25. Ne3 f5 26. Qe2 Bd7 27. Nh4 Be8 28. Kg1 Nge7 29. Bg2 Ng6 30. Nxg6 Bxg6 31. Bf3 Ne7 32. Ng2 a5 33. Bd2 Nc6 34. Nf4 Bf7 35. Kg2 Rh8 36. Rh2 Qe8 37. Bxh5 Bxh5 38. Nxh5 Qg6 39. Rah1 Kg8 40. Nxg7 Rxg7 41. Rxh6 Rxh6 42. Rxh6 Qf7 43. Rf6 Qe8 44. Bh6 Rh7 45. Qd2 Qe7 46. Qg5+ 1-0

[Event "Paris-ch op-B 87th"]
[Site "Paris"]
[Date "2012.07.09"]
[Round "3"]
[White "Mircescu, Ovidiu"]
[Black "Baudon, Sebastien"]
[Result "0-1"]
[WhiteElo "2106"]
[BlackElo "1993"]
[PlyCount "116"]
[EventDate "2012.07.07"]
[EventType "swiss"]
[EventRounds "9"]
[EventCountry "FRA"]
[SourceTitle "EXT 2013"]
[Source "ChessBase"]
[SourceDate "2012.11.22"]
[SourceVersion "1"]
[SourceVersionDate "2012.11.22"]
[SourceQuality "1"]

1. e4 c5 2. Nf3 Nc6 3. Nc3 e5 4. Bc4 Be7 5. Nd5 Nf6 6. Nxe7 Qxe7 7. d3 d6 8. c3 h6 9. 0-0 Bg4 10. h3 Bh5 11. Qe2 0-0-0 12. g4 Bg6 13. b4 cxb4 14. cxb4 Qd7 15. Kh2 Rhe8 16. Qb2 Qc7 17. Nh4 d5 18. exd5 Nxd5 19. Nxg6 fxg6 20. Bxd5 Rxd5 21. Be3 e4+ 22. Kh1 exd3 23. b5 Qe5 24. Qxe5 Nxe5 25. a4 Kb8 26. Rfd1 g5 27. Rac1 b6 28. Kg2 Rc8 29. Rxc8+ Kxc8 30. f4 gxf4 31. Bxf4 Nd7 32. Kf3 Nc5 33. Ke3 Nxa4 34. Rxd3 Rxb5 35. Rd6 Rb3+ 36. Kd4 Nc5 37. Rc6+ Kd8 38. Kc4 Rxh3 39. Rg6 Ra3 40. Be5 Ra4+ 41. Kd5 Nd3 42. Bd6 Ra5+ 43. Kd4 Nf2 44. Bf4 Ra4+ 45. Ke3 Nh3 46. Be5 Ng5 47. Bxg7 Nf7 48. Bd4 Ra5 49. Ke4 Kd7 50. Be3 Re5+ 51. Kd4 Re6 52. Rg8 Kc6 53. Rc8+ Kb7 54. Rf8 Nd6 55. Rh8 Re4+ 56. Kd3 Rxg4 57. Rxh6 Nf5 58. Rh7+ Rg7 0-1

[Event "Paris-ch op-A"]
[Site "Paris"]
[Date "2010.07.07"]
[Round "5"]
[White "Baudon, Sebastien"]
[Black "Meslage, Jean"]
[Result "0-1"]
[WhiteElo "2027"]
[BlackElo "1930"]
[PlyCount "169"]
[EventDate "2010.07.03"]
[EventType "swiss"]
[EventRounds "9"]
[EventCountry "FRA"]
[SourceTitle "CBM 137 Extra"]
[Source "ChessBase"]
[SourceDate "2010.09.01"]
[SourceVersion "1"]
[SourceVersionDate "2010.09.01"]
[SourceQuality "1"]

1. f4 d5 2. Nf3 Nf6 3. g3 g6 4. Bg2 Bg7 5. 0-0 0-0 6. e3 c5 7. d3 Nc6 8. Qe2 Bg4 9. h3 Bd7 10. Nc3 a6 11. e4 d4 12. Nd1 e6 13. g4 Qc7 14. Qf2 b5 15. Qh4 Nb4 16. Qf2 Rac8 17. a3 Nc6 18. Qh4 c4 19. Nf2 cxd3 20. cxd3 Qb6 21. Ng5 h6 22. Nf3 Nh7 23. f5 Qd8 24. fxg6 fxg6 25. Qg3 Qc7 26. Nh1 e5 27. Bd2 Qd6 28. Qe1 Be6 29. Ng3 Rf7 30. Rc1 Nf8 31. Nh2 Qd7 32. Bf3 Kh7 33. h4 Qd8 34. h5 Bf6 35. hxg6+ Nxg6 36. Nf5 Bg5 37. Bg2 Nf4 38. Rf3 Qd7 39. Nf1 Rg8 40. N1g3 Ne7 41. Rc5 Neg6 42. Bf1 Be7 43. Rc1 Nh4 44. Qd1 Nxf3+ 45. Qxf3 Bg5 46. Rc5 Rf6 47. Rxe5 Ng6 48. Bxg5 Nxe5 49. Qf4 Rfg6 50. Qxe5 Rxg5 51. Be2 h5 52. Nf1 Bxf5 53. exf5 Rxf5 54. Qe4 Kh8 55. Ng3 Rfg5 56. Qh1 Qh7 57. Ne4 R5g6 58. g5 Rxg5+ 59. Nxg5 Rxg5+ 60. Kf1 Qf7+ 61. Ke1 Qg6 62. Qa8+ Kh7 63. Bf3 Rg1+ 64. Ke2 Kh6 65. Qh8+ Kg5 66. Qxd4 Qe6+ 67. Be4 Rg2+ 68. Kf1 Rg4 69. Qc5+ Kf6 70. Qf8+ Qf7 71. Qh8+ Ke7+ 72. Ke2 Rg5 73. Qh6 Qg7 74. Qxa6 Qxb2+ 75. Ke3 Qc1+ 76. Ke2 Qc2+ 77. Ke3 Qc5+ 78. Kf3 h4 79. Qb7+ Kf6 80. Qa6+ Ke5 81. Qh6 Rg3+ 82. Ke2 Qc2+ 83. Kf1 Qd1+ 84. Kf2 Qg1+ 85. Ke2 0-1

[Event "FRA-ch op-A"]
[Site "Pau"]
[Date "2008.08.13"]
[Round "2"]
[White "Baudon, Sebastien"]
[Black "Suez Panama, Gilles"]
[Result "1-0"]
[WhiteElo "2009"]
[BlackElo "2093"]
[PlyCount "87"]
[EventDate "2008.08.11"]
[EventType "swiss"]
[EventRounds "9"]
[EventCountry "FRA"]
[SourceTitle "CBM 126 Extra"]
[Source "ChessBase"]
[SourceDate "2008.11.05"]
[SourceVersion "1"]
[SourceVersionDate "2008.11.05"]
[SourceQuality "1"]

1. f4 Nf6 2. Nf3 g6 3. d4 Bg7 4. e3 0-0 5. c4 d6 6. Nc3 c6 7. Be2 Nbd7 8. 0-0 Qc7 9. Kh1 Rd8 10. d5 Nc5 11. Nd4 e5 12. dxe6 fxe6 13. Nb3 Nfe4 14. Nxe4 Nxe4 15. Bf3 Nf6 16. e4 d5 17. cxd5 cxd5 18. e5 Ne8 19. Be3 b6 20. Rc1 Qd7 21. Nd4 Bb7 22. Rf2 Bf8 23. Rfc2 Rdc8 24. Qd3 Ng7 25. g4 Rxc2 26. Rxc2 Rc8 27. Rf2 Bc5 28. Bd1 Qe7 29. Bc2 Bxd4 30. Bxd4 Qb4 31. h4 Rc4 32. Rd2 Qe7 33. Rh2 Ba6 34. h5 Ra4 35. Qd1 Rxa2 36. hxg6 Qb4 37. gxh7+ Kh8 38. f5 Bb7 39. f6 Ne8 40. g5 Ra1 41. Qxa1 Nxf6 42. gxf6 Qxd4 43. Qg1 Qxe5 44. Qg7# 1-0

[Event "FRA-ch Accession"]
[Site "Besancon"]
[Date "2006.08.25"]
[Round "10"]
[White "Iwanesko, Alexandre"]
[Black "Baudon, Sebastien"]
[Result "1-0"]
[WhiteElo "1760"]
[BlackElo "1984"]
[PlyCount "105"]
[EventDate "2006.08.15"]
[EventType "swiss"]
[EventRounds "10"]
[EventCountry "FRA"]
[SourceTitle "CBM 113 Extra"]
[Source "ChessBase"]
[SourceDate "2006.09.14"]
[SourceVersion "1"]
[SourceVersionDate "2006.09.14"]
[SourceQuality "1"]

1. c4 Nf6 2. Nf3 b6 3. g3 Bb7 4. Bg2 e5 5. d3 Bb4+ 6. Bd2 Bxd2+ 7. Nbxd2 0-0 8. 0-0 d6 9. b4 Nbd7 10. Qc2 Qe7 11. Nb3 c5 12. bxc5 Nxc5 13. Nxc5 bxc5 14. a4 Rab8 15. a5 Nh5 16. Qa4 f5 17. Rfb1 Nf6 18. Nh4 Bxg2 19. Nxg2 Qc7 20. Rb5 a6 21. Rb6 Rxb6 22. axb6 Qxb6 23. Qxa6 Rb8 24. Qxb6 Rxb6 25. Ne3 g6 26. Nd5 Nxd5 27. cxd5 Rb7 28. Ra6 Rd7 29. f4 exf4 30. gxf4 Kf7 31. e4 fxe4 32. dxe4 h6 33. Kf2 g5 34. Ke3 Ke7 35. Rc6 Ra7 36. f5 Ra3+ 37. Kf2 Ra2+ 38. Kg3 Ra3+ 39. Kg4 Re3 40. f6+ Kxf6 41. Rxd6+ Kg7 42. Kf5 Rf3+ 43. Ke5 h5 44. Rc6 h4 45. d6 Rf8 46. d7 Rd8 47. Ke6 g4 48. Rxc5 Kg6 49. Ke7 Rh8 50. d8Q Rxd8 51. Kxd8 g3 52. hxg3 hxg3 53. Rc3 1-0

[Event "FRA-ch Accession"]
[Site "Besancon"]
[Date "2006.08.23"]
[Round "8"]
[White "Le, Samuel"]
[Black "Baudon, Sebastien"]
[Result "1-0"]
[WhiteElo "1937"]
[BlackElo "1984"]
[PlyCount "115"]
[EventDate "2006.08.15"]
[EventType "swiss"]
[EventRounds "10"]
[EventCountry "FRA"]
[SourceTitle "CBM 113 Extra"]
[Source "ChessBase"]
[SourceDate "2006.09.14"]
[SourceVersion "1"]
[SourceVersionDate "2006.09.14"]
[SourceQuality "1"]

1. e4 c5 2. Nf3 Nc6 3. d4 cxd4 4. Nxd4 Nf6 5. Nc3 e5 6. Ndb5 d6 7. Bg5 a6 8. Bxf6 gxf6 9. Na3 b5 10. Nd5 f5 11. c3 Bg7 12. Nc2 fxe4 13. Qh5 0-0 14. g4 Be6 15. Nce3 Ne7 16. Rd1 Nxd5 17. Rxd5 Bxd5 18. Nxd5 Qe8 19. Qf5 Qe6 20. Qxe4 Ra7 21. Bd3 Qg6 22. Qe3 Qxg4 23. h3 Qe6 24. Rg1 e4 25. Bxe4 f5 26. Qxa7 Qxe4+ 27. Ne3 Qb1+ 28. Nd1 Qe4+ 29. Kd2 Qe5 30. Qxa6 Kh8 31. Qb7 Re8 32. Qf3 Bh6+ 33. Kc2 d5 34. Qd3 b4 35. cxb4 Rc8+ 36. Kb3 d4 37. a4 Rc1 38. Ka2 Qe6+ 39. b3 Bg7 40. Rf1 Rc7 41. Nb2 Rc3 42. Qd1 Rxh3 43. Re1 Qf7 44. Nd3 h5 45. Nf4 Rh4 46. Qf3 Kh7 47. Ne6 Qf6 48. Qb7 Rg4 49. Qh1 h4 50. Qf3 Bh8 51. Nc5 Rg6 52. Re6 Qg5 53. a5 Qd2+ 54. Ka3 Qc1+ 55. Ka4 Qa1+ 56. Kb5 Qf1+ 57. Kb6 h3 58. Qh5+ 1-0

[Event "FRA-ch Accession"]
[Site "Besancon"]
[Date "2006.08.16"]
[Round "2"]
[White "Baudon, Sebastien"]
[Black "Chandran, Franck"]
[Result "1-0"]
[WhiteElo "1984"]
[BlackElo "1864"]
[PlyCount "85"]
[EventDate "2006.08.15"]
[EventType "swiss"]
[EventRounds "10"]
[EventCountry "FRA"]
[SourceTitle "CBM 113 Extra"]
[Source "ChessBase"]
[SourceDate "2006.09.14"]
[SourceVersion "1"]
[SourceVersionDate "2006.09.14"]
[SourceQuality "1"]

1. f4 Nf6 2. Nf3 d6 3. e3 Nc6 4. Bb5 Bd7 5. b3 a6 6. Bxc6 Bxc6 7. Bb2 e6 8. 0-0 Be7 9. Qe1 0-0 10. d3 Re8 11. Nbd2 Bf8 12. e4 Bd7 13. Qh4 Be7 14. Qh3 e5 15. f5 Bf8 16. Kh1 h6 17. g4 Nh7 18. Qg3 Be7 19. h4 f6 20. Rf2 c6 21. Ng1 d5 22. Nh3 Bc5 23. Rg2 Be7 24. Rf1 Qa5 25. a4 b5 26. axb5 Qxb5 27. Bc1 Bb4 28. g5 hxg5 29. hxg5 Re7 30. gxf6 Nxf6 31. Qh4 Rf8 32. Ng5 Be8 33. Rfg1 Bh5 34. Ne6 Bxd2 35. Rxg7+ Rxg7 36. Rxg7+ Kh8 37. Bxd2 dxe4 38. Qg3 Bf3+ 39. Kg1 Nh5 40. Qg6 Qb6+ 41. d4 Qxd4+ 42. Nxd4 Nxg7 43. f6 1-0

[Event "FRA-ch op-B"]
[Site "Val d'Isere"]
[Date "2004.08.??"]
[Round "9"]
[White "Prodhomme, Boris"]
[Black "Baudon, Sebastien"]
[Result "1-0"]
[WhiteElo "1870"]
[BlackElo "1910"]
[PlyCount "94"]
[EventDate "2004.08.16"]
[EventType "swiss"]
[EventRounds "9"]
[EventCountry "FRA"]
[SourceTitle "EXT 2005"]
[Source "ChessBase"]
[SourceDate "2004.11.15"]
[SourceVersion "1"]
[SourceVersionDate "2004.11.15"]
[SourceQuality "1"]

1. d4 Nf6 2. c4 e6 3. Nc3 Bb4 4. Nf3 b6 5. Bg5 Bb7 6. e3 h6 7. Bh4 0-0 8. Nd2 c5 9. Qb3 Nc6 10. dxc5 Bxc5 11. Rd1 Be7 12. Qc2 d6 13. Be2 Rc8 14. 0-0 Ne5 15. b3 d5 16. Bg3 Ng6 17. Qb2 Bd6 18. Bf3 Bxg3 19. hxg3 Qc7 20. Nb5 Qb8 21. Qa3 a6 22. Nd6 Rcd8 23. Nxb7 Qxb7 24. cxd5 exd5 25. Be2 b5 26. Nf3 Ne4 27. Rc1 Rd6 28. Nd4 b4 29. Qa5 Nc3 30. Bf3 Qb6 31. Qxb6 Rxb6 32. Rc2 Ne5 33. Rfc1 Nxf3+ 34. gxf3 Rc8 35. Kf1 Rf6 36. Ne2 Rxf3 37. Nxc3 Rxc3 38. Rxc3 bxc3 39. Rxc3 Rf6 40. Rc8+ Kh7 41. Rd8 h5 42. Rxd5 Kh6 43. e4 Kg6 44. Ke2 Re6 45. Kd3 f6 46. f4 Rc6 47. Kd2 Re6 1-0

[Event "FRA-chT2 0304"]
[Site "France"]
[Date "2004.02.01"]
[Round "7"]
[White "Daligault, Jean"]
[Black "Baudon, Sebastien"]
[Result "0-1"]
[WhiteElo "2115"]
[BlackElo "1980"]
[PlyCount "106"]
[EventDate "2003.10.??"]
[EventType "team-tourn"]
[EventRounds "11"]
[EventCountry "FRA"]
[SourceTitle "EXT 2005"]
[Source "ChessBase"]
[SourceDate "2004.11.15"]
[SourceVersion "1"]
[SourceVersionDate "2004.11.15"]
[SourceQuality "1"]
[WhiteTeam "Avoine"]
[BlackTeam "Bois Colombes II"]
[WhiteTeamCountry "FRA"]
[BlackTeamCountry "FRA"]

1. d4 Nf6 2. c4 e6 3. Nc3 Bb4 4. e3 b6 5. Nge2 Bb7 6. a3 Bxc3+ 7. Nxc3 0-0 8. f3 d5 9. b3 Re8 10. Bb2 c5 11. dxc5 bxc5 12. Bd3 d4 13. Na4 Qd6 14. exd4 cxd4 15. Bxd4 Rd8 16. Bxf6 gxf6 17. Be2 Qc7 18. Qc1 Nc6 19. 0-0 Qe5 20. Bd1 Nd4 21. Qc3 Kh8 22. Re1 Qg5 23. Ra2 Bc6 24. b4 Rac8 25. Nc5 e5 26. Rf2 Qf4 27. g3 Rg8 28. Nd3 Qf5 29. Nc5 h5 30. Qe3 Qg6 31. f4 Nf5 32. Qc3 h4 33. g4 Nh6 34. Qh3 Nxg4 35. Qxh4+ Nh6+ 36. Kf1 Qg1+ 37. Ke2 Qg4+ 38. Qxg4 Nxg4 39. Rf3 Bxf3+ 40. Kxf3 Nxh2+ 41. Ke4 Rg2 42. fxe5 fxe5 43. a4 a5 44. Nd3 axb4 45. Nxe5 Kg7 46. Kd4 Re8 47. c5 f6 48. Nd3 Rxe1 49. Nxe1 Rd2+ 50. Nd3 Rxd1 51. c6 Nf3+ 52. Kc4 Rxd3 53. Kxb4 Rd1 0-1

[Event "FRA-ch op-B"]
[Site "Aix les Bains"]
[Date "2003.08.23"]
[Round "5"]
[White "Baudon, Sebastien"]
[Black "Hascher, Nicolas"]
[Result "1-0"]
[WhiteElo "1750"]
[BlackElo "1920"]
[PlyCount "35"]
[EventDate "2003.08.19"]
[EventType "swiss"]
[EventRounds "9"]
[EventCountry "FRA"]
[SourceTitle "EXT 2004"]
[Source "ChessBase"]
[SourceDate "2003.11.25"]
[SourceVersion "1"]
[SourceVersionDate "2003.11.25"]
[SourceQuality "1"]

1. c4 Nf6 2. Nc3 d5 3. cxd5 Nxd5 4. e4 Nb4 5. d4 Qxd4 6. Bf4 c6 7. Nf3 Qxd1+ 8. Rxd1 Bg4 9. Be2 Nc2+ 10. Kd2 Bxf3 11. Bxf3 Nd4 12. Bg4 Ne6 13. Bxe6 fxe6 14. Ke2 Nd7 15. Rd2 0-0-0 16. Rhd1 g6 17. Nb5 e5 18. Bxe5 1-0

[Event "FRA-ch op-B"]
[Site "Aix les Bains"]
[Date "2003.08.21"]
[Round "3"]
[White "Konopka, Jeremiasz"]
[Black "Baudon, Sebastien"]
[Result "1/2-1/2"]
[WhiteElo "1890"]
[BlackElo "1750"]
[PlyCount "138"]
[EventDate "2003.08.19"]
[EventType "swiss"]
[EventRounds "9"]
[EventCountry "FRA"]
[SourceTitle "EXT 2004"]
[Source "ChessBase"]
[SourceDate "2003.11.25"]
[SourceVersion "1"]
[SourceVersionDate "2003.11.25"]
[SourceQuality "1"]

1. e4 c5 2. Nf3 d6 3. c4 g6 4. d4 cxd4 5. Nxd4 Bg7 6. Nc3 Nc6 7. Be3 Nf6 8. Be2 0-0 9. Qd2 Bd7 10. f3 Rc8 11. Nxc6 Bxc6 12. e5 dxe5 13. Qxd8 Rfxd8 14. Bxa7 Bh6 15. Rd1 Rxd1+ 16. Kxd1 Rd8+ 17. Kc2 Rd2+ 18. Kb1 e4 19. Rd1 exf3 20. Rxd2 Bxd2 21. Bxf3 Bxf3 22. gxf3 Bxc3 23. bxc3 Nd7 24. Bd4 e5 25. Be3 f5 26. a4 Kf7 27. c5 Nb8 28. Kb2 f4 29. Bf2 Ke6 30. Kb3 Kd5 31. Kb4 Kc6 32. Kc4 Nd7 33. a5 g5 34. h3 h5 35. Kd3 Nxc5+ 36. Bxc5 Kxc5 37. Ke4 Kc4 38. Kxe5 Kd3 39. Kf5 Ke3 40. c4 Kxf3 41. c5 g4 42. c6 bxc6 43. a6 g3 44. a7 g2 45. a8Q g1Q 46. Qxc6+ Ke2 47. Qc2+ Kf3 48. Qc6+ Ke2 49. Qc4+ Kd2 50. Qxf4+ Ke2 51. Qc4+ Kd2 52. Qa2+ Kd3 53. Qd5+ Ke2 54. Qe4+ Kd2 55. h4 Qg3 56. Qf4+ Qe3 57. Kg5 Qxf4+ 58. Kxf4 Kd3 59. Ke5 Kc4 60. Ke6 Kd4 61. Kf6 Ke4 62. Kg6 Kf4 63. Kxh5 Kf5 64. Kh6 Kf6 65. Kh7 Kf7 66. h5 Kf8 67. h6 Kf7 68. Kh8 Kf8 69. h7 Kf7 1/2-1/2